|
|
|
|
| LEADER |
01655cas a2200241 a 4500 |
| 001 |
AALejournalIMF005153 |
| 008 |
230101c9999 xx r poo 0 0eng d |
| 020 |
|
|
|c 5.00 USD
|
| 020 |
|
|
|z 9781451828474
|
| 022 |
|
|
|a 1934-7685
|
| 040 |
|
|
|a BD-DhAAL
|c BD-DhAAL
|
| 110 |
2 |
|
|a International Monetary Fund.
|
| 245 |
1 |
0 |
|a Namibia :
|b Report on Observance of Standards and Codes; Fiscal Transparency Module.
|
| 264 |
|
1 |
|a Washington, D.C. :
|b International Monetary Fund,
|c 2008.
|
| 300 |
|
|
|a 1 online resource (54 pages)
|
| 490 |
1 |
|
|a IMF Staff Country Reports
|
| 500 |
|
|
|a <strong>Off-Campus Access:</strong> No User ID or Password Required
|
| 500 |
|
|
|a <strong>On-Campus Access:</strong> No User ID or Password Required
|
| 506 |
|
|
|a Electronic access restricted to authorized BRAC University faculty, staff and students
|
| 520 |
3 |
|
|a The Government of Namibia has a full equity share of four specialist or policy banking corporation. There are a large number of public nonfinancial corporations, in which the government has a part or full ownership share, including public utilities and Air Namibia, the national airline. There are a number of statutorily and nonstatutorily created funds of the central government. There are two important funds for social security and pensions for government employees. Reforming the state-owned enterprise sector is one priority of the government, though the progress has been slow.
|
| 538 |
|
|
|a Mode of access: Internet
|
| 830 |
|
0 |
|a IMF Staff Country Reports; Country Report ;
|v No. 2008/184
|
| 856 |
4 |
0 |
|z Full text available on IMF
|u http://elibrary.imf.org/view/journals/002/2008/184/002.2008.issue-184-en.xml
|z IMF e-Library
|